书目信息 |
| 题名: |
高等数学
|
|
| 作者: | 本书编写组 [编写] | |
| 分册: | 二 | |
| 出版信息: | 北京 高等教育出版社 2005.01 |
|
| 页数: | 261页 | |
| 开本: | 28cm | |
| 丛书名: | ||
| 单 册: | ||
| 中图分类: | O13 | |
| 科图分类: | ||
| 主题词: | 高等数学--gao deng shu xue--成人高等学校--升学参考资料 | |
| 电子资源: | ||
| ISBN: | 7-04-016250-4 | |
| 000 | 00821nam0 2200229 450 | |
| 001 | 012006470243 | |
| 005 | 20061018152406.60 | |
| 010 | @a7-04-016250-4@dCNY24.50 | |
| 100 | @a20060921d2005 km y0chiy0120 ea | |
| 101 | 0 | @achi |
| 102 | @aCN@b110000 | |
| 105 | @ay z 000yy | |
| 200 | 1 | @a高等数学@Agao deng shu xue@h二@f本书编写组 [编写]@Fben shu bian xie zu[bian xie] |
| 205 | @a第3版 | |
| 210 | @a北京@c高等教育出版社@d2005.01 | |
| 215 | @a261页@d28cm | |
| 300 | @a全国各类成人高考复习考试辅导教材专科起点升本科 | |
| 330 | @a本书分为高等数学、概率论初步两部分6章组成,按照专科水平的要求,讲述了每章的重点知识点和典型例题分析解答,大部分章节还配有练习和答案。 | |
| 606 | 0 | @a高等数学@Agao deng shu xue@x成人高等学校@j升学参考资料 |
| 690 | @aO13@v4 | |
| 801 | 0 | @aCN@bQSSK@c20061018 |
| 905 | @a10447@dO13@eG106:2 | |
| 高等数学.二/本书编写组 [编写].-第3版.-北京:高等教育出版社,2005.01 |
| 261页;28cm |
| 全国各类成人高考复习考试辅导教材专科起点升本科 |
| ISBN 7-04-016250-4:CNY24.50 |
| 本书分为高等数学、概率论初步两部分6章组成,按照专科水平的要求,讲述了每章的重点知识点和典型例题分析解答,大部分章节还配有练习和答案。 |
| ● |
| 相关链接 |
|
|
|
正题名:高等数学
索取号:O13/G106:2
 
预约/预借
| 序号 | 登录号 | 条形码 | 馆藏地/架位号 | 状态 | 备注 |
| 1 | 222473 | 202224734 | 自科库401/401自科库 106排4列3层/ [索取号:O13/G106:2] | 在馆 | |
| 2 | 222474 | 202224743 | 自科库401/401自科库 106排3列3层/ [索取号:O13/G106:2] | 在馆 | |
| 3 | 222475 | 202224752 | 自科库401/401自科库 106排3列3层/ [索取号:O13/G106:2] | 在馆 |